000
00341nam a2200157Ia 4500
008
100122s9999 xx 000 0 und d
082
_b
74315
_a
215
100
_a
DAVIES PAUL
245
_a
THE MIND OF GOD
250
_a
1
260
_c
2008
300
_a
254
630
_a
THE MIND OF GOD
730
_a
THE MIND OF GOD
942
_c
BOOK
999
_c
390313
_d
390310